00458nam a2200157 a 450000500170000000800410001702000180005805000260007610000230010224500620012526000420018730000160022944000300024565000130027565000120028820140412111225.0020410s19uu xx 00 eng d a0-87966-691-9 aTR(GS 428.4bB57 1981 aBoning, Richard A. aReading homonyms / :cRichard A. Boning.bB1 through B2 / aNew York :bBarnell Loft, Ltd,c1981. a1 v. (unp.) aSupportive Reading Skills aHomonyms aReading